000 00813aam a2200301 i 4500
001 768714001
003 CO-MdFUSB
005 20250528144807.0
007 ta
008 250527t1976 -us||||| |||| 00| 0 eng d
020 _a0-87784-715-0
040 _cCO-MdFUSB
041 0 _aeng
082 0 4 _a248.4
_223
_bW8941s
100 1 _aWoods, C. Stacey (1909-)
_eautor
245 1 0 _aSome ways of God
_c/ C. Stacey Woods
264 1 _bInterVarsity Press,
_aDowners Grove, ILL., USA : InterVarsity
_c[1976]
264 4 _c©1976
300 _a131 páginas
336 _atexto
_btxt
_2rdacontent
337 _2rdamedia
_asin mediación
_bn
338 _2rdacarrier
_avolumen
_bnc
563 _aRústico
650 1 0 _aVida cristiana
_919
942 _cBK
945 _aElías Tolentino
999 _c35984
_d35984